[Event "Novgorod op"]
[Site "Novgorod"]
[Date "1995.??.??"]
[Round "1"]
[White "Dolmatov, Sergey"]
[Black "Skomorokhin, Roman"]
[Result "1-0"]
[WhiteElo "2605"]
[BlackElo "2465"]
[Annotator "Dolmatov,S"]
[PlyCount "73"]
[EventDate "1995.05.??"]
[EventType "swiss"]
[EventRounds "9"]
[EventCountry "RUS"]
[SourceTitle "EXT 2000"]
[Source "ChessBase"]
[SourceDate "1999.11.16"]
[SourceVersion "1"]
[SourceVersionDate "1999.11.16"]
[SourceQuality "1"]

1. e4 c5 2. Nf3 e6 3. c3 d5 4. exd5 exd5 5. d4 Nc6 6. Bb5 Bd6 7. O-O Nge7 8.
dxc5 Bxc5 9. Nbd2 O-O 10. Nb3 Bd6 11. Bd3 Ng6 $6 (11... Bg4 $2 12. Bxh7+ Kxh7
13. Ng5+ $18) (11... h6 $5) 12. Bg5 Nce7 (12... f6 $2 13. Bxg6 fxg5 (13... hxg6
14. Qxd5+ Kh8 15. Rad1 $16) 14. Qxd5+ Kh8 15. Rad1 $18) (12... Qc7 13. Bxg6
hxg6 14. Qxd5 Bg4 15. h3 $16) (12... Be7 13. Bxe7 Ngxe7 $16) 13. h3 h6 $6 (
13... f6 $5 14. Be3 Be6 (14... Ne5 15. Bc2) 15. Nc5 $14) 14. Be3 Nf4 15. Bxf4
Bxf4 16. Nbd4 Qb6 $6 (16... a6 17. Bc2 Bc7 18. Qd3 $14) 17. Re1 Qf6 18. Qb3 $16
Bd6 19. Re3 b6 (19... Rd8 20. Rae1 a6 21. Bb1 Bd7 22. Ne5 $16) 20. Rae1 Bb7 21.
Ne5 $2 (21. Qa4 $5 a6 22. Rxe7 (22. Qd7 $6 Bc8) 22... Bxe7 23. Qd7 $16) 21...
Bxe5 22. Rxe5 Nc6 $1 23. Nxc6 (23. Rxd5 $2 Rae8 $1 24. Rxe8 Rxe8 $44) 23...
Bxc6 24. Qb4 Rfe8 25. Qd4 Rxe5 26. Rxe5 $14 Rd8 27. Be2 Qd6 (27... Rd6 28. Bg4
$14) 28. Bf3 Kf8 (28... Qc5 29. Qxc5 bxc5 30. c4 $16) 29. Re1 Qc5 30. Qd3 $1
Re8 (30... d4 $2 31. Qh7 $18) 31. Rxe8+ Kxe8 32. Qa6 $1 $18 (32. Qh7 $2 Qf8)
32... b5 (32... Qe7 33. Qc8+) (32... d4 33. Qc8+ $18) 33. Qc8+ Ke7 34. Qc7+ Kf6
(34... Ke8 35. Bg4 Qb6 36. Qe5+ Kf8 37. Qd6+ $18) 35. Bg4 Qc4 36. Qd6+ Kg5 37.
Qe5+ 1-0

[Event "FRA-ch"]
[Site "Narbonne"]
[Date "1997.08.16"]
[Round "2"]
[White "Bauer, Christian"]
[Black "Vaisser, Anatoli"]
[Result "1/2-1/2"]
[WhiteElo "2525"]
[BlackElo "2575"]
[Annotator "Donev,I"]
[PlyCount "99"]
[EventDate "1997.08.15"]
[EventType "tourn"]
[EventRounds "15"]
[EventCountry "FRA"]
[EventCategory "9"]
[SourceTitle "CBM 061"]
[Source "ChessBase"]
[SourceDate "1997.11.23"]
[SourceVersion "1"]
[SourceVersionDate "1997.11.23"]
[SourceQuality "1"]

1. e4 e6 2. d4 d5 3. Nd2 c5 4. Ngf3 Nc6 5. exd5 exd5 6. Bb5 cxd4 {Die Idee
dieses frühen Abtausch ist einfach. Früher oder später wird Weiß Nb3 nebst Nd4
spielen müssen. So wird mit Zugumstellung die Hauptvariante erreicht (6...Bd6
7.dc5 Bc5 8.Nb3 Bd6, wobei Weiß nicht unbedingt Nd4 sondern auch andere
nützliche Züge spielen kann.} 7. O-O Bd6 8. Nb3 Nge7 9. Nbxd4 O-O 10. Bd3 h6
11. h3 Nxd4 (11... Bc5 12. Be3 $1 Qb6 13. Re1 $1 Nxd4 14. Bxd4 Bxd4 15. Nxd4
Nc6 16. Nb3 Be6 17. Qh5 Rad8 18. Re3 Nb4 19. Rg3 Nxd3 20. cxd3 Kh7 21. Qe5 f6
22. Qd4 Qxd4 23. Nxd4 Bd7 24. Re3 {Weiß hat einen klaren positionellen Vorteil.
Sein Nd4 besitzt ein starkes Feld im Zentrum und dominiert über den Bd7.} Rfe8
25. Rxe8 Rxe8 26. Rc1 $16 {Milosevic,G-Huss,A/SWZ-chT 1994/EXT 94ch}) 12. Nxd4
Nc6 {Es ist selbstverständlich der Wunsch des Nachziehenden die starke
Blockadefigur zu tauschen.} 13. Nf5 Bxf5 14. Bxf5 Qf6 15. Bd3 Rfe8 16. Rb1 Rad8
17. Be3 Qe5 18. g3 Qe6 19. Qg4 Qxg4 20. hxg4 d4 21. Bf4 Bxf4 22. gxf4 Nb4 23.
Kg2 (23. Rfe1 $11 {Scheint mir natürlicher}) 23... Rc8 (23... Nxd3 24. cxd3 Re2
25. Rfc1 Rd7 $15) 24. Rbc1 (24. Kf3 h5 25. gxh5 Nxc2 26. a3) (24. Bf5 Rc7 (
24... Rc4 25. Rh1 Re7 26. Rhe1 Rxe1 27. Rxe1 Kf8 $15) 25. Rfd1 g6 26. Bd3 Nxc2
27. Bxc2 Rxc2 28. Rxd4 h5 $15) 24... Nxd3 25. cxd3 Rxc1 26. Rxc1 Re2 27. Rc8+
Kh7 28. Rc7 Rxb2 29. Rxf7 a5 30. a4 Rb3 31. f5 Kg8 (31... Rxd3 32. Rxb7 Kg8 (
32... Ra3 33. f6 Kg8 34. Rxg7+ $16) 33. Rb5 $14) 32. Rd7 Rxd3 33. Rxb7 Ra3 34.
Rb8+ Kf7 35. Rb7+ Kf6 36. f4 d3 37. Rb6+ Ke7 38. Kf3 d2+ 39. Ke2 Rxa4 40. Rb7+
Kf8 41. Rb8+ Kf7 42. Rb7+ Kg8 43. Rb8+ Kh7 44. g5 hxg5 45. fxg5 Rd4 46. Kd1 Rd5
47. f6 gxf6 48. gxf6 Kg6 49. Rb2 Kxf6 50. Rxd2 1/2-1/2

[Event "Serbian-ch 29th"]
[Site "Sabac"]
[Date "1998.04.23"]
[Round "4"]
[White "Marciano, David"]
[Black "Antic, Dejan"]
[Result "1/2-1/2"]
[WhiteElo "2485"]
[BlackElo "2460"]
[Annotator "Donev,I"]
[PlyCount "102"]
[EventDate "1998.04.20"]
[EventType "tourn"]
[EventRounds "13"]
[EventCountry "YUG"]
[EventCategory "9"]
[SourceTitle "CBM 065"]
[Source "ChessBase"]
[SourceDate "1998.08.06"]
[SourceVersion "1"]
[SourceVersionDate "1998.08.06"]
[SourceQuality "1"]

1. e4 c5 2. Nf3 e6 3. c3 d5 4. exd5 exd5 5. d4 Nc6 6. Bb5 Bd6 7. O-O Nge7 8.
dxc5 Bxc5 {Auf dem Brett steht der berühmte isolierte Bauer d5. 1. Es ist
vorteilhaft für Weiß wenn er den schwarzfeldrigen Läufer abtauscht, dadurch
werden nachher die schwarzen Felder rund um den Isolani abgeschwächt. 2. Das
Schlüsselfeld d4 mit einem Springer von Weiß zu blockieren.  3. Kampf um
Besetzung der einzigen offenen e-Linie. 4. Nachher ist jeder Abtausch für
Schwarz schlecht weil im Endspiel die schwäche des Isolani noch spürbarer wird.
} 9. Nbd2 O-O 10. Nb3 Bb6 11. Re1 {Die Idee von diesem Zug ist den Abtausch
des schwarzfeldrigen Läufer mittels Be3 vorzubereiten und falls Schwarz den
Be3 schlägt mit dem Turm zurückzunehmen.} Nf5 12. Bd3 {[%cal Yd1c2,Yc2h7] Es
droht Qc2...} h6 13. Bc2 Qd6 (13... Nh4 14. Nfd4 $14 {1/2-1/2 Georgiev,
K-Gurevic,I/New York PCA 1994}) 14. Bxf5 (14. Qd3 Rd8 15. Nbd4 Ncxd4 16. Nxd4
g6 17. Be3 Qf6 18. Rad1 Kg7 19. Bf4 Kh7 20. Qd2 Nxd4 21. cxd4 Bg4 22. f3 Bf5
23. Be5 Qg5 24. Bf4 Qf6 25. Be5 Qg5 26. Bf4 {1/2-1/2 Filipovic,B-Cvitan,O/Biel
1989}) 14... Bxf5 15. Be3 $1 Bxe3 (15... Bg4 16. Bxb6 axb6 17. h3 Bh5 18. Qd3
Bxf3 19. Qxf3 Ra4 (19... Rfd8 20. Red1 Ne5 21. Qg3 $14) 20. Red1 $14) 16. Rxe3
$14 Bg4 $1 {Sonst folgt Nfd4 mit weißen positionellen Vorteil. Mit seinem
letzten Zug will der Nachziehende seinen schlechten Läufer gegen einen
Springer vorbereiten in einem günstigen Moment zu tauschen.} 17. h3 Bh5 18.
Nbd4 Rfe8 19. Qe2 Rxe3 20. Qxe3 Qc5 21. Rd1 ({Mir scheint der natürliche Zug} 
21. Re1 $142 {besser zu sein.} Bxf3 (21... Rd8 22. g4 Bg6 23. Nxc6 Qxe3 24.
Ne7+ $1 Qxe7 25. Rxe7 $16) (21... Qb6 22. Nb3 Qxe3 (22... Bxf3 23. Qxf3 d4 24.
cxd4 Nxd4 25. Nxd4 Qxd4 26. Qxb7 $16) 23. Rxe3 Bxf3 24. Rxf3 Re8 25. Kf1 $14)
22. Nxf3 Qxe3 23. Rxe3 $14) 21... Qb6 22. b3 $11 {Jetzt ist der Bauer c3
schwach. Die Stellung ist ausgeglichen.} (22. Rd2 Bxf3 23. Nxf3 Qxe3 24. fxe3
Rd8 $11) 22... Rc8 23. Nf5 Qxe3 24. fxe3 Rd8 25. g4 Bg6 26. N3h4 Bh7 27. Ng2 (
27. Kf2 $5) 27... g5 28. Nxh6+ Kg7 29. Nf5+ Bxf5 30. gxf5 Kf6 31. h4 gxh4 32.
Nxh4 Kg5 33. Ng2 Kxf5 34. Rf1+ Ke6 35. Kf2 Ke5 36. Ke2 Rd7 (36... Rg8 37. Nf4
f5 $11) 37. Nf4 b6 38. Rh1 $14 Kd6 39. Rh6+ Kc7 40. Rh5 (40. Rf6 $1 {/\Rf5})
40... Ne7 41. Kd3 Rd6 42. Re5 Kd7 43. a4 a5 44. Rh5 Kc6 45. Kd4 Rd8 46. Nd3 Kd6
47. Ne5 Rf8 48. Rh6+ f6 49. e4 Ng8 50. Rg6 Ne7 51. Rh6 Ng8 1/2-1/2

[Event "Reggio Emilia 9798 40th"]
[Site "Reggio Emilia"]
[Date "1998.01.03"]
[Round "8"]
[White "Godena, Michele"]
[Black "Lputian, Smbat G"]
[Result "0-1"]
[WhiteElo "2515"]
[BlackElo "2585"]
[Annotator "Donev,I"]
[PlyCount "59"]
[EventDate "1997.12.26"]
[EventType "tourn"]
[EventRounds "11"]
[EventCountry "ITA"]
[EventCategory "10"]
[SourceTitle "CBM 063"]
[Source "ChessBase"]
[SourceDate "1998.03.26"]
[SourceVersion "1"]
[SourceVersionDate "1998.03.26"]
[SourceQuality "1"]

1. e4 e6 2. d4 d5 3. Nd2 c5 4. exd5 exd5 5. Ngf3 Nc6 6. Bb5 Bd6 7. dxc5 Bxc5 8.
O-O Nge7 9. Nb3 Bd6 {Auf dem Brett steht der berühmte isolierte Bauer d5. 1.
Es ist vorteilhaft für Weiß wenn er den schwarzfeldrigen Läufer abtauscht,
dadurch werden nachher die schwarzen Felder rund um den Isolani abgeschwächt.
2. Das Schlüsselfeld d4 mit einem Springer von Weiß zu blockieren.  3. Kampf
um Besetzung der einzigen offenen e-Linie. 4. Nachher ist jeder Abtausch für
Schwarz schlecht weil im Endspiel die schwäche des Isolani noch spürbarer wird.
} 10. h3 ({Der Plan mit dem Abtausch des schwarzfeldrigen Läufers ist auch
interessant:} 10. Bg5 O-O 11. Bh4 Qb6 12. Be2 a5 13. a4 Bf5 14. Bg3 $1 Bxg3 15.
hxg3 Be4 16. Bb5 Nf5 17. Re1 $1 Nxg3 (17... Bxf3 18. Qxf3 Nfd4 19. Qe3 $1 Qa7
20. Nxd4 Qxd4 21. Qb3 $16 {/\Rd1}) (17... Rfd8 18. g4 Nd6 19. Nfd4 Nc4 20. Bxc4
dxc4 21. Rxe4 cxb3 22. c3 $14) 18. Bxc6 bxc6 19. Qd4 Qc7 $1 {Die Idee dieses
Zuges des Nachziehenden ist, die Q nicht auf d4, sondern auf e5 zu tauschen.
Die nachfolgenden Varianten zeigen, daß der weiße N besser auf d4 anstatt auf
e5 stünde.} (19... Qxd4 20. Nfxd4 Nh5 21. f3 Bg6 22. Nxc6 Bxc2 23. Nbxa5 $16 {
/\b4}) 20. Qe5 $1 Qxe5 21. Nxe5 Nh5 22. Nxc6 $16 {und nach Nba5 haben die
weiße Bauern am Damenflügel die Partie entschieden.1-0 Donev,I-Dittmar,P/Pizol
op 1996/[Donev,I] (30)}) 10... O-O 11. Bd3 h6 12. Be3 ({Beachtlich ist auch
folgender Plan:} 12. Re1 Nf5 13. c3 Qf6 14. Bc2 Be6 15. Qd3 $1 {[%cal Yd3h7]
Es droht Nbd4 sowie g2-g4.} g6 16. Qd2 $1 {Es droht Bf5 nebst Qh6} g5 17. Qd3
$1 $14) 12... Bf5 13. c3 Re8 14. Re1 Bg6 15. Bxg6 Nxg6 16. Qd2 Nce5 17. Nxe5
Rxe5 18. Rad1 Qe7 19. Nd4 $1 {[%cal Yd4f3] Der schwarze Turm steht ungemütlich
im Zentrum. Er muß gleichzeitig den schwachen d5 Bauer decken und die Qe7 von
dem Röntgenangriff des Re1 schützen. Es ist selbstvertändlich der Wunsch des
weißen Springers den Re5 zu jagen.} Bc5 ({auf der natürliche Zug} 19... Re8 {
folgt} 20. Nf3 $1 $16) 20. Nc2 $1 (20. Nf3 Bxe3 21. Rxe3 Rxe3 22. Qxe3 Qxe3 23.
fxe3 Ne7 $11 {[%csl Rd5,Re3] die beiden Bauern d5 und e3 sind gleich schwach.})
20... Bxe3 21. Nxe3 {nach jedem Figurenabtausch wird das weiße Spiel
angenehmer.} Re8 22. Nc2 Qh4 23. Rxe5 ({Das Damenopfer geht leider nicht:} 23.
Qxd5 Rxd5 24. Rxe8+ Kh7 25. Rxd5 Qa4 {[%cal Ya4c2,Ya4e8]} 26. Re2 Nf4 $17 {
[%cal Yf4e2,Yf4d5]}) 23... Rxe5 24. Qd4 Qg5 25. Ne3 Nf4 26. h4 Qf6 (26... Ne2+
27. Kf1 Nxd4 (27... Ng3+ 28. fxg3 Qxe3 29. Qxe3 Rxe3 30. Rxd5 Rxg3 31. Rd8+ Kh7
32. Rd7 $16) 28. hxg5 Nf5 29. Nxf5 Rxf5 30. gxh6 gxh6 $14) 27. Ng4 $4 ({Mittels
} 27. Rd2 {nebst 28.g3 hätte Weiß die gegnerische Stellung unter Druck halten
können.}) 27... Qf5 $1 {[%cal Yf4e2,Yf5g4] Gewinnt auf der Stelle. Der
Nachziehende droht Qg4, sowie Ne2.} 28. Nxe5 ({da} 28. Qxe5 Qxg4 {[%cal Yg4d1,
Yg4g2] mit einem Doppelangriff auf g2 und d1 verbunden ist.}) 28... Ne2+ 29.
Kf1 Nxd4 30. cxd4 (30. cxd4 Qc2 $1 {fallen die Bauern am Damenflügel.}) 0-1

[Event "RUS-Cup3"]
[Site "Omsk"]
[Date "1996.??.??"]
[Round "9"]
[White "Yandemirov, Valeri"]
[Black "Fominyh, Alexander"]
[Result "0-1"]
[WhiteElo "2465"]
[BlackElo "2535"]
[Annotator "Donev,I"]
[PlyCount "149"]
[EventDate "1996.12.13"]
[EventType "swiss"]
[EventRounds "9"]
[EventCountry "RUS"]
[SourceTitle "CBM 057"]
[Source "ChessBase"]
[SourceDate "1997.04.01"]
[SourceVersion "1"]
[SourceVersionDate "1997.04.01"]
[SourceQuality "1"]

1. e4 c5 2. Nf3 e6 3. c3 d5 4. exd5 exd5 5. d4 Nc6 6. Bb5 Bd6 7. O-O Nge7 8.
dxc5 Bxc5 9. Nbd2 O-O 10. Nb3 Bb6 11. Re1 Nf5 {Die Idee dieses Zuges ist
einfach. Erstens verhindert er die logische weiße Fortsetzung 12.Be3, weil
nach 12...Nxe3 Weiß gezwungen ist, einen schwachen Bauern (e3) auf der offenen
e- Linie zuzulassen. Zweitens stellt Schwarz eine Falle: Falls Weiß seinen
schwarzfeldrigen Läufer nach f4 oder g5 entwickelt, folgt die für Tarrasch
Variante typische Kombination 12...Bf2! 13.Kf2 Qb6 und Schwarz gewinnt den
geopferten Läufer mit Zinsen zurück.} 12. Bd3 (12. Bg5 Bxf2+ 13. Kxf2 Qb6+ 14.
Nbd4 Ncxd4 15. Nxd4 Nxd4 16. Qxd4 Qxb5 $15) 12... Bc7 13. Bg5 Qd6 14. g3 {
Bereitet Bf4 vor.} Bb6 {Wichtig Merkregel: In diese Variante ist der Abtausch
der schwarzfeldrigen Läufer fast immer für Weiß günstig. Darum will der
Nachziehende den Abtausch seiner Angriffspitze vermeiden.} 15. Qc2 g6 (15...
Nxg3 16. Bxh7+ Kh8 17. Nbd4 $14) 16. Rad1 $2 {Wie kann man solch einen Fehler
erklären? Einen Zug früher war das Schlagen auf g3 nicht so gut, weil der
Bauen h7 mit Schach geschlagen werden konnte, aber jetzt? Wahrscheinlich hatte
sich im Bewußtsein des Anziehenden die Vorstellung zementiert, daß der Bauern
g3 nicht hängt. Krogius nennt so etwas in seinem Buch Schachpsychologie "träge
Bilder".} (16. Bf4 $1 Qd8 17. Rad1 $16) 16... Nxg3 $17 17. Nbd4 (17. Bh6 Bg4 $1
(17... Rd8 18. Bg5 f6 $17 (18... Rf8 19. Bh6 Rd8 $11)) 18. Bxf8 Rxf8 19. Nbd2
Qf4 $17 {Die schwarze Initiative am Königslügel ist sehr geferlich.}) (17. hxg3
$2 Qxg3+ 18. Kh1 Qxf3+ 19. Kh2 Bxf2 $19) 17... Nh5 {[%csl Rf4] Nicht nur das
Bauernnachteil, sonder auch die abgeschwächte Königsflügel macht die weiße
Stellung sehr schwer.} 18. Nb5 Qd7 19. Bf1 a6 20. Nbd4 Nxd4 21. cxd4 f6 22. Bd2
Qd8 23. Qb3 Kg7 24. Re3 Rf7 25. Rde1 Bd7 26. Bb4 (26. Qxd5 Bc6 27. Qxd8 (27.
Qc4 Nf4 $17) 27... Rxd8 $17) 26... Bc6 27. Bh3 Nf4 28. Be6 Nxe6 29. Rxe6 Ba5
30. Re7 Bxb4 31. Qxb4 Rc8 32. Nh4 Rc7 33. R7e3 Qf8 34. Qa5 Qd6 35. Qb6 Qf4 36.
Ng2 Qf5 37. Qb4 Bb5 38. Rc3 Rxc3 39. Qxc3 Bd3 40. Re3 Bb5 41. a3 h5 42. Qe1 Qg4
43. Qd2 Rc7 44. Re1 g5 45. h4 $1 gxh4 46. Kh2 Kh7 47. Nf4 Rg7 48. Qc1 Qf5 49.
Qe3 Bd7 50. Qd3 Qxd3 51. Nxd3 Bf5 52. Nf4 Be4 53. Rg1 Rg5 54. Ne6 Rg4 55. Nc5
Rf4 $19 56. Nxb7 Rxf2+ 57. Kh3 Rxb2 58. Nc5 a5 59. Kxh4 Kh6 60. Rf1 Rh2+ 61.
Kg3 Rg2+ 62. Kh3 Rg6 (62... Rd2 $19) 63. Nxe4 dxe4 64. d5 Kg7 65. d6 Kf7 66.
Rf4 Ke6 67. Rxe4+ Kxd6 68. Rd4+ Ke6 69. Re4+ Kf7 70. Rc4 Rg5 71. Rc8 Re5 72.
Kh4 Kg6 73. Rg8+ Kf5 74. Ra8 Ke4 75. Ra6 (75. Ra6 Rf5 {Schwarz hat gewonnene
Stellung.}) 0-1

[Event "Copenhagen Aruna"]
[Site "Copenhagen"]
[Date "1997.05.06"]
[Round "5"]
[White "Aagaard, Jacob"]
[Black "Hansen, Sune Berg"]
[Result "1/2-1/2"]
[WhiteElo "2440"]
[BlackElo "2505"]
[Annotator "Donev,I"]
[PlyCount "125"]
[EventDate "1997.04.02"]
[EventType "tourn"]
[EventRounds "9"]
[EventCountry "DEN"]
[EventCategory "10"]
[SourceTitle "CBM 059"]
[Source "ChessBase"]
[SourceDate "1997.08.01"]
[SourceVersion "1"]
[SourceVersionDate "1997.08.01"]
[SourceQuality "1"]

1. e4 c5 2. Nf3 Nc6 3. c3 e6 4. d4 d5 5. exd5 exd5 6. Bb5 Bd6 7. dxc5 Bxc5 8.
O-O Nge7 9. Nbd2 O-O 10. Nb3 Bb6 11. Nbd4 (11. Re1 Qd6 12. Be3 $1 $14) 11...
Qd6 12. Re1 h6 13. Qa4 Nxd4 14. Nxd4 Ng6 15. Qd1 Qf6 16. Be3 Ne5 17. Nc2 Ng4
18. Bxb6 Qxb6 19. Nd4 $14 {[%csl Gd4] Nach dem abtausch die Schwarzfarbige
Läufer hat Weiß klein aber feste Positionelle Vorteil.} Qd6 (19... a6 20. Be2
Nf6 21. Qb3 $16) 20. Nf3 Qb6 21. Nd4 Qd6 22. g3 {Natürlich lennt Weiß den
Remis Variante ab.} (22. Nf3 Qb6 $11) 22... a6 23. Bf1 Bd7 24. Bg2 Nf6 25. Qd3
Rfe8 26. Nc2 Qc5 27. Ne3 Bc6 28. Rad1 Rad8 29. Nf5 h5 30. Qd4 Qxd4 31. Nxd4 Ba4
32. Rc1 Kf8 33. f3 Nd7 34. Kf2 Nc5 35. Bf1 Bd7 36. Rxe8+ Rxe8 37. Rd1 Na4 38.
Rd2 g6 39. Be2 Nb6 40. h4 Re7 41. Bd3 Kg7 42. Nc2 Re8 43. Ne3 Bc6 44. Be2 (44.
Bc2 Rxe3 45. Kxe3 Nc4+ 46. Ke2 Nxd2 47. Kxd2 d4 48. cxd4 Bxf3 49. Ke3 $14)
44... Kf6 45. Rd4 Ke6 46. Bd1 Rd8 47. Bb3 Rd6 48. g4 hxg4 49. fxg4 {Der weiße
Vorteil wird immer größer.Jetzt besitzt der Anziehenden auch eine starke
enfernte Freibauern.} a5 50. Kg3 (50. a3 a4 51. Rb4 $16) 50... a4 51. Bc2 (51.
Rb4 axb3 52. Rxb6 bxa2 $19) 51... a3 52. bxa3 Rd8 53. Bb3 (53. h5 gxh5 54. gxh5
$16) 53... Ra8 54. h5 Rxa3 55. h6 g5 56. Rd1 (56. h7 Ra8 57. Rd2 Rh8 58. Rh2
$16) 56... Ra8 57. Rf1 Rh8 58. Nf5 Bd7 59. Bc2 Ke5 60. Rh1 $2 {Nach diese
Fehler gleicht Schwarz aus.Besser währe:} (60. Re1+ Kf6 61. Ng7 Be6 62. Nh5+
Ke7 63. Rb1 Nd7 64. h7 $16) 60... Bxf5 $1 61. Bxf5 Na4 62. h7 Nxc3 63. Kf3
1/2-1/2

[Event "EU-Cup 09th Group7"]
[Site "Barcelona"]
[Date "1993.10.02"]
[Round "2"]
[White "Emms, John M"]
[Black "Prandstetter, Eduard"]
[Result "1-0"]
[WhiteElo "2455"]
[BlackElo "2375"]
[Annotator "Donev,I"]
[PlyCount "77"]
[EventDate "1993.10.01"]
[EventType "team-k.o."]
[EventRounds "3"]
[EventCountry "ESP"]
[SourceTitle "EXT 2020"]
[Source "ChessBase"]
[SourceDate "2019.10.17"]
[SourceVersion "1"]
[SourceVersionDate "2019.10.17"]
[SourceQuality "1"]
[WhiteTeam "Invicta Knights Maidstone"]
[BlackTeam "Prague Bohemians"]
[WhiteTeamCountry "ENG"]
[BlackTeamCountry "CZE"]

1. e4 e6 2. d4 d5 3. Nd2 c5 4. exd5 exd5 5. Ngf3 Nc6 6. Bb5 Bd6 7. O-O Nge7 8.
dxc5 Bxc5 9. Nb3 Bd6 10. Nbd4 O-O 11. c3 Bg4 12. Qa4 Qd7 13. Re1 a6 14. Be2
Nxd4 (14... Rfe8 15. Be3 Rad8 16. h3 Bh5 17. Rad1 $14) 15. Qxd4 Nc6 16. Qd1
Rfe8 17. Be3 Rad8 18. Qc2 h6 (18... Ne5 $5 19. Nxe5 Bxe5 20. Rad1 Bxe2 21. Rxe2
Qc7 $10) 19. Rad1 Qc7 20. h3 Bh5 21. Kf1 Bf4 22. Qf5 $1 $14 Bxe3 23. Qxh5 Ba7
24. Bd3 (24. Rxd5 Qb6 $1 25. Nd4 Qxb2 26. Nxc6 bxc6 27. Rxd8 Rxd8 28. Qa5 $13)
24... Qb6 $6 (24... d4 $142 $1 25. cxd4 Nxd4 26. Rxe8+ Rxe8 27. Nxd4 Bxd4 $10)
25. Rxe8+ Rxe8 26. Rd2 d4 27. cxd4 $1 (27. Nxd4 Nxd4 28. cxd4 Qb4 $10) 27...
Qc7 28. Rc2 Qf4 29. Qg4 $1 Qxg4 30. hxg4 Nb4 (30... Nxd4 31. Rc7 $1 Rb8 32. Bc4
Ne6 33. Bxe6 fxe6 34. g5 $14) 31. Rd2 g6 (31... Nxa2 $5 32. d5 Nb4 33. d6 Nxd3
34. Rxd3 $14) 32. a3 Nxd3 33. Rxd3 $16 Re4 34. Rc3 (34. d5 Rxg4 $2 (34... Kf8
35. d6 Ke8 36. g5 h5 $14) 35. d6 Bb6 36. d7 Bd8 37. Re3 $18) 34... b5 $6 (34...
Re7 $142) 35. d5 b4 $2 (35... Kg7 $142) 36. Rc7 $16 Bb6 $6 $8 37. Rc6 Bd4 (
37... Bd8 38. Rc8 Re8 39. d6 bxa3 40. bxa3 Kg7 41. d7 Rh8 42. Ne5 $18) 38. Rc4
$18 bxa3 (38... Bxb2 39. Rxe4 bxa3 40. Ra4 $18) 39. bxa3 1-0

[Event "Alushta1"]
[Site "Alushta"]
[Date "1994.??.??"]
[Round "9"]
[White "Nadyrhanov, Sergey"]
[Black "Fominyh, Alexander"]
[Result "1/2-1/2"]
[WhiteElo "2475"]
[BlackElo "2515"]
[Annotator "Donev,I"]
[PlyCount "77"]
[EventDate "1994.01.??"]
[EventType "tourn"]
[EventRounds "9"]
[EventCountry "UKR"]
[EventCategory "8"]
[SourceTitle "CBM 040"]
[Source "ChessBase"]
[SourceDate "1994.06.01"]
[SourceVersion "1"]
[SourceVersionDate "1994.06.01"]
[SourceQuality "1"]

1. e4 c5 2. Nf3 e6 3. c3 d5 4. exd5 exd5 5. d4 Nc6 6. Bb5 Bd6 7. dxc5 Bxc5 8.
O-O Nge7 9. Nbd2 O-O 10. Nb3 Bb6 11. Nbd4 Bg4 12. Qa4 Bd7 13. Be3 (13. Bg5 $5)
13... a6 (13... Nxd4 14. Bxd4 Bxb5 15. Qxb5 Re8 16. Bxb6 Qxb6 17. Qxb6 axb6 $14
{_|_,><d5,b6,b7}) 14. Nxc6 (14. Bxc6 bxc6 15. Ne5 Bc7 16. Nxd7 (16. Ndxc6 $2
Bxe5 17. Nxd8 Bxa4 $19) (16. Nexc6 Nxc6 17. Nxc6 Qf6 $19) 16... Qxd7 17. Rfe1
$14) 14... bxc6 15. Bxb6 (15. Bxa6 $2 Bxe3 16. fxe3 Bc8 $19) 15... Qxb6 $8 16.
Bd3 Bf5 (16... Qxb2 17. Rfc1 {/\Rab1} Qb6 18. Bxh7+ Kxh7 19. Qh4+ Kg8 20. Qxe7
$14) 17. Bxf5 Nxf5 18. Qf4 (18. Ne5 Qxb2 19. Qxc6 Rac8 $10) 18... g6 19. Rae1
Rae8 (19... Qxb2 20. g4 Ng7 21. Qf6 Ne6 (21... Rac8 22. Re7 $44) 22. Rxe6 fxe6
23. Qxe6+ Kg7 24. Qe5+ Kg8 (24... Kf7 25. Ng5+ Kg8 26. Qe7 $18) 25. Qe6+ Kg7
$10) 20. g4 Ng7 21. Ng5 (21. Rxe8 Rxe8 22. Ne5 Qb7 $13) 21... Qd8 (21... Qxb2
22. Rxe8 Nxe8 23. Re1 {/\Re8} Ng7 24. Re7 $44) 22. Rxe8 Qxe8 23. Qf6 Qd7 (23...
Qe2 $1 $15) 24. h3 Re8 25. Nf3 Re6 (25... Re2 26. Ne5 Qe8 27. Nd3 h5 28. Kg2
$10) 26. Qf4 (26. Qd4 $142) 26... Re4 27. Qb8+ Re8 28. Qf4 (28. Qb6 h5 $1 $15)
28... Ne6 29. Qf6 Nc5 (29... Qd8 30. Qxd8 Rxd8 31. Ne5 c5 $10) 30. Nd4 Rc8 31.
Re1 $10 Ne4 32. Qf4 Re8 33. f3 Nc5 34. Qd2 Rxe1+ 35. Qxe1 Nd3 36. Qd2 Ne5 37.
Qe2 Qd6 38. b4 Nc4 39. Kg2 1/2-1/2